Diasity/ (Record no. 190885)

MARC details
000 -LEADER
fixed length control field 00544nam a22001817a 4500
005 - DATE AND TIME OF LATEST TRANSACTION
control field 20220808165547.0
010 ## - LCCN (DPL NO)
LC control number ENG-134338
020 ## - INTERNATIONAL STANDARD BOOK NUMBER
Terms of availability 495.00
035 ## - SYSTEM CONTROL NUMBER
System control number EN-117870
037 ## - SOURCE OF ACQUISITION
Source of stock number/acquisition DBAD/PUB
082 ## - DEWEY DECIMAL CLASSIFICATION NUMBER
Classification number 616.462
Edition number
100 ## - MAIN ENTRY--PERSONAL NAME
Personal name S.V. Rajalingha Rajah
245 ## - TITLE STATEMENT
Title Diasity/
Statement of responsibility, etc S.V. Rajalingha Rajah
260 ## - PUBLICATION, DISTRIBUTION, ETC. (IMPRINT)
Place of publication, distribution, etc Chennai
Name of publisher, distributor, etc S.R. Rishikesh
Date of publication, distribution, etc 2018
270 ## - ADDRESS
Address D.No.9, Plot No.254, 9th Street, Malleeswari Nagar, Madambakkam post
City Chennai
Postal code 600126
300 ## - PHYSICAL DESCRIPTION
Extent xx,340p..
Dimensions 20cm(pbk)
942 ## - ADDED ENTRY ELEMENTS (KOHA)
Source of classification or shelving scheme Dewey Decimal Classification
Item type English Books
Classification part 616.462
Call number suffix RAJ
Holdings
Withdrawn status Lost status Not for loan Collection code Home library Current library Date acquired Source of acquisition Cost, normal purchase price Full call number Barcode Copy number Cost, replacement price Koha item type
      Non-fiction Bawana Bawana 08/08/2022 DBAD/PUB 495.00 616.462 RAJ EN-117870 1 495.00 English Books

© Delhi Public Library
Hit Counter
free hit counter